| 000 | 00968nam a2200265Ia 4500 | ||
|---|---|---|---|
| 003 | OSt | ||
| 005 | 20220923211250.0 | ||
| 006 | a|||||r|||| 00| 0 | ||
| 007 | ta | ||
| 008 | 220922b |||||||| |||| 00| 0 hin d | ||
| 020 |
_a9788178796895 (hbk) _c630 |
||
| 024 | _a273,643 | ||
| 037 |
_b23061, 16/08/2013, Kitab Ghar _cTextual |
||
| 040 |
_aARTS _cARTS _bhin |
||
| 041 |
_2hin _ahin |
||
| 082 | _aL:5, 152Q2 | ||
| 100 |
_aगोरे, सी.एस. _9159218 |
||
| 245 | 0 | _aस्वास्थ्य शिक्षा तथा गति विज्ञान | |
| 246 | _aSvāsthya shikṣhā tathā gati vijnyāna | ||
| 260 |
_aनई दिल्ली _b स्पोट्स पब्लिकेशन्स _c2012 |
||
| 300 |
_a236पृ. _ccm. |
||
| 650 |
_aआयुर्वेद औषधी _9160105 |
||
| 942 |
_hL:5, 152Q2 _cTEXL _2CC |
||
| 999 |
_c297940 _d297940 |
||